[Event "FRA-chT2"]
[Site "France"]
[Date "2002.03.09"]
[Round "8"]
[White "Adda, Olivier"]
[Black "Promonet, Claude"]
[Result "0-1"]
[WhiteElo "2086"]
[BlackElo "2060"]
[PlyCount "82"]
[EventDate "2002.??.??"]
[EventType "team"]
[EventRounds "11"]
[EventCountry "FRA"]
[SourceTitle "EXT 2003"]
[Source "ChessBase"]
[SourceDate "2002.11.25"]
[SourceVersion "1"]
[SourceVersionDate "2002.11.25"]
[SourceQuality "1"]

1. d4 Nf6 2. Nf3 g6 3. c4 Bg7 4. Nc3 0-0 5. e4 d6 6. Be2 e5 7. Be3 Nc6 8. d5 Ne7 9. Nd2 Ne8 10. g4 f5 11. gxf5 gxf5 12. Bg5 Nf6 13. Rg1 Kh8 14. Qc2 h6 15. Bh4 fxe4 16. Ndxe4 Nf5 17. Bxf6 Bxf6 18. Qd2 Bg7 19. 0-0-0 Nd4 20. Rg3 Qh4 21. Rdg1 Rf7 22. Bg4 Bxg4 23. Rxg4 Qxh2 24. Qd1 Qh5 25. Ng3 Qh2 26. Nce4 Rf4 27. Nf1 Rxg4 28. Nxh2 Rxg1 29. Nf1 Rf8 30. c5 dxc5 31. Neg3 Rxf2 32. Qe1 Rf3 33. Kd2 Rfxg3 34. Qxg3 Rxg3 35. Nxg3 Kh7 36. Ne4 b6 37. Kd3 Kg6 38. Nd2 Kf5 39. Nc4 Kf4 40. a4 h5 41. a5 b5 0-1